| 000 | 00486nam a22001697a 4500 | ||
|---|---|---|---|
| 999 |
_c167088 _d167088 |
||
| 010 | _aENG-126262 | ||
| 020 |
_a978-93-82633-36-5 _c550.00 |
||
| 035 | _aEN-109794 | ||
| 037 | _bDBAD/PUB | ||
| 082 | _a175 | ||
| 100 | _aChandra, Ajay | ||
| 245 |
_aFoul Play: _cby Ajay Chandra _bCheating In Sports/ |
||
| 260 |
_aAllahabad _bShabd Prakashan _c2018 |
||
| 270 |
_a116/70, Lukerganj _bAllahbad _e211001 |
||
| 300 |
_a152p. _bill _c21cm(hbk) |
||
| 942 |
_2ddc _cEN _h175 _mCHA |
||